01560cam a2200289 4500001001300000003000400013005001700017008004100034010001700075040004500092050002300137082002000160100002500180245009100205260004700296300006100343490005200404500027400456501019100730501015100921504002801072650003601100650004001136710002901176830004801205999001701253gs 67000233 DLC20260227111421.0700106s1966 ksuab b 000 0 eng c ags 67000233  aU.S. Geological Survey LibrarycDLCdDLC00aQE113b.A2 no. 18300a553/.79/09781951 aJungmann, William L.10aGeology and ground-water resources of Neosho County, Kansas /cby William L. Jungmann. aLawrence :b[University of Kansas],c1966. a46 p. :billus., maps (1 fold. col. in pocket) ;c25 cm.1 aState Geological Survey of Kansas. Bulletin 183 a"Prepared by the United States Geological Survey and the State Geological Survey of Kansas with the cooperation of the Environmental Health Services of the Kansas State Department of Health, and the Division of Water Resources of the Kansas State Board of Agriculture." aWith : Compositional variance in the Plattsmouth Limestone Member (Pennsylvanian) in Kansas / by O. Karmie Galle and Wanda N. Waugh, 1966. Bound together subsequent to publication.5DLC aCopy 2 with : Geology and ground-water resources of Miami County, Kansas / by Don E. Miller, 1966. Bound together subsequent to publication.5DLC aBibliography: p. 42-43. 0aGeologyzKansaszNeosho County. 0aGroundwaterzKansaszNeosho County.2 aGeological Survey (U.S.) 0aBulletin (Kansas Geological Survey) ;v183. c30343d30343